OPERE. VOL. IV, PARTE I: DEVOZIONE AL SACRO CUORE DI GESÙ. IL MESE DI GIUGNO CONSACRATO... (Record n. 277108)

Dettagli MARC
000 -LEADER
fixed length control field 01293nam a2200229Ia 4500
001 - CONTROL NUMBER
control field L251-17978
003 - CONTROL NUMBER IDENTIFIER
control field IT-CnALBA
008 - FIXED-LENGTH DATA ELEMENTS--GENERAL INFORMATION
fixed length control field 170116s9999||||xx |||||||||||||| ||und||
040 ## - CATALOGING SOURCE
Original cataloging agency IT-CnALBA
Transcribing agency IT-CnALBA
041 ## - LANGUAGE CODE
Language code of text/sound track or separate title ITALIANO
999 ## - SYSTEM CONTROL NUMBERS (KOHA)
Koha Dewey Subclass [OBSOLETE] SI
100 ## - MAIN ENTRY--PERSONAL NAME
Personal name FRANCO P. SECONDO, SJ.
245 #0 - TITLE STATEMENT
Title OPERE. VOL. IV, PARTE I: DEVOZIONE AL SACRO CUORE DI GESÙ. IL MESE DI GIUGNO CONSACRATO...
250 ## - EDITION STATEMENT
Edition statement 2a ed.
260 ## - PUBLICATION, DISTRIBUTION, ETC. (IMPRINT)
Place of publication, distribution, etc. ARC. MODENA.
Name of publisher, distributor, etc. IMMAC. CONCEZ. TIP. PONT.
Date of publication, distribution, etc. 1882 [1° Ed.: - Ed.Ling.Originale: 1854]
300 ## - PHYSICAL DESCRIPTION
Extent 654 p. (prefazione: 3)
500 ## - GENERAL NOTE
General note ECCELLENZA E FRUTTI DELLA DEVOZIONE AL CUORE DI GESÙ. CONOSCENZA. AMORE. IMITAZIONE.. CONFIDENZA. UNIONE. SICUREZZA. CONFORTO. B. MARGHERITA M. ALACOQUE. S. GERTRUDE. METILDE. APOSTOLATO DELLA PREGHIERA. IL CUORE DI GESÙ, MODELLO DI OGNI VIRTÙ. (CFR. 6639
501 ## - WITH NOTE
With note Società San Paolo EM - Piazza San Paolo, 14 - 12051 ALBA (CN) (non commercial uses only) ® Copyright 2017
520 ## - SUMMARY, ETC.
Summary, etc. ECCELLENZA E FRUTTI DELLA DEVOZIONE AL CUORE DI GESÙ. CONOSCENZA. AMORE. IMITAZIONE.. CONFIDENZA. UNIONE. SICUREZZA. CONFORTO. B. MARGHERITA M. ALACOQUE. S. GERTRUDE. METILDE. APOSTOLATO DELLA PREGHIERA. IL CUORE DI GESÙ, MODELLO DI OGNI VIRTÙ. (CFR. 6639
650 ## - SUBJECT ADDED ENTRY--TOPICAL TERM
Topical term or geographic name as entry element PREDICAZIONE - ORATORIA SACRA
942 ## - ADDED ENTRY ELEMENTS (KOHA)
Koha item type LIBRO
957 ## -
-- 1
999 ## - SYSTEM CONTROL NUMBERS (KOHA)
-- Copie: 1
Dati di copia
Withdrawn status Lost status Damaged status Not for loan Home library Current library Date acquired Total Checkouts Full call number Date last seen Price effective from Koha item type Public note
    Buone Condizioni Not For Loan ALBA - Biblioteca ALBA - Biblioteca 16/01/2017   L251-17978 16/01/2017 16/01/2017 LIBRO (data import: 16 gennaio 2017) - By Epidotti, Vaglietti.
CREDITS: SOCIETA' SAN PAOLO Via A.Severo, 58 - ROMA (RM) & PERIODICI SAN PAOLO SRL Via Giotto, 36 MILANO & CISF Via Giotto, 36 MILANO & EDIZIONI SAN PAOLO SRL,  Piazza Soncino, 5 CINISELLO BALSAMO (MI) -- ITALY